| 000 | 00804cam a2200217 4500 | ||
|---|---|---|---|
| 001 | B895 | ||
| 008 | 090401t1986 xxu||||| |||| 00| 0 eng d | ||
| 035 | _a(Sirsi) u38587 | ||
| 041 | _aeng | ||
| 050 | _a692.8 | ||
| 110 |
_aJoint Contracts Tribunal _93664 |
||
| 245 | _aStandard form of building contract 1980 edition : amendment 2 : insurance and related liability provisions | ||
| 260 |
_aLondon _bRIBA Publications Ltd _c1986 |
||
| 300 | _a16p. ; 30cm. | ||
| 350 | _a0 | ||
| 520 | _aThis amendment applies to JCT SFC 80: Private, with, without, and with approximate quantities; Local Authorities with, without and with approximate quantities. Copies of these original contracts are filed at JCT 1980/2A-7A. | ||
| 650 |
_aInsurance _96249 |
||
| 650 | _aJCT | ||
| 942 | _n0 | ||
| 948 | _c04/03/1997 | ||
| 999 |
_c90665 _d90665 |
||